000 00739nam a22002297a 4500
003 URS
005 20250828100452.0
008 250318b ||||| |||| 00| 0 eng d
040 _cURS
050 _aJF1351
_b.U63 1979
100 _911371
_aUveges, Joseph Andrews
245 _aThe Dimensions of Public Administration
250 _a3rd Edition
264 _aBoston, London
_bAllyn and Bacon
_c©1979
300 _a672 pages.,:
_c24 cm.
336 _2rdacontent
_atext
337 _2rdamedia
_aunmediated
338 _2rdacarrier
_avolume
650 0 _911372
_aPublic Administration
_xAddresses, Essays, Lectures.
650 0 _911373
_aUnited States
_xExecutive Departments -- Management -- Addresses, Essays, Lectures.
942 _2lcc
_cR
999 _c84680
_d84678